000
00368nam a2200133Ia 4500
008
151001s9999||||xx |||||||||||||| ||und||
100
_a
प्रशांत पोखरकर
245
_a
लाइफ लाईण
250
_a
1
260
_b
पुष्प प्रकाशन पुणे
260
_c
1995
300
_a
156
365
_b
16
999
_c
972386
_d
972383